Química
Guardat en:
| Autor principal: | |
|---|---|
| Format: | Llibre |
| Idioma: | espanyol |
| Publicat: |
Barcelona
Reverté
1985
|
| Matèries: | |
| Etiquetes: |
Afegir etiqueta
Sense etiquetes, Sigues el primer a etiquetar aquest registre!
|
MARC
| LEADER | 00000nam a2200000 a 4500 | ||
|---|---|---|---|
| 001 | UCH1278 | ||
| 003 | CL-VaPUC | ||
| 008 | 090416e19850000SP |||||||||||||||||spa|d | ||
| 020 | |a 8429172165 | ||
| 082 | 0 | 4 | |a 540 |b GUT |2 21 |
| 100 | |a Gutiérrez Ríos, Enrique |e author |9 553724 | ||
| 245 | 1 | 0 | |a Química |
| 300 | |a 488 p | ||
| 942 | |c BK | ||
| 945 | |d 20090416 00:00:00 |a rbrito | ||
| 260 | |a Barcelona |b Reverté |c 1985 | ||
| 650 | 0 | |a Química |9 259896 | |
| 650 | 7 | |a ELEMENTOS QUIMICOS |2 CL-VaPUC |9 306895 | |
| 650 | 0 | |a Átomos |9 259583 | |
| 650 | 7 | |a SISTEMA PERIODICO |2 CL-VaPUC |9 523438 | |
| 650 | 0 | |a Moléculas |9 259584 | |
| 650 | 0 | |a Enlaces químicos |9 306789 | |
| 650 | 0 | |a Gases |9 260945 | |
| 650 | 7 | |a ELECTROLITOS |2 CL-VaPUC |9 360144 | |
| 650 | 0 | |a Reacciones químicas |9 259438 | |
| 650 | 0 | |a Metales |9 260686 | |
| 650 | 7 | |a HIDROCARBUROS |2 CL-VaPUC |9 344783 | |
| 583 | |a last modification |c 20090416 00:00:00 |k Rodrigo Vera | ||
| 999 | |c 333331 |d 333329 | ||
| 952 | |0 0 |1 0 |4 0 |6 540_000000000000000_GUT_1985 |7 0 |8 A |9 421662 |a BIBCUR |b BIBCUR |d 2019-11-22 |i 4537394 |l 2 |o 540 GUT 1985 |p 4537394 |r 2025-04-22 |s 2023-10-05 |w 2019-11-22 |y BK |k QUI | ||